000 00792nam a2200205 a 4500
003 0
005 20250220122557.0
008 111115s19uu xx 00 eng d
050 _aPGS LB 1060.A33
_b.N222 2011
100 _aNarciso, John Ray Lover F.
245 _aAcademic achievement and manifestation of lack of sleep /
_cJohn Ray Lover F. Narciso.
260 _aLas PiƱas City, Philippines :
_bSouthville International School and Colleges,
_c2011.
300 _a20 pages :
_billustrations ;
_c28 cm.
504 _aIncludes bibliographical references.
650 _aAcademic achievement
_vPsychological aspects.
650 _aSleep deprivation in children.
650 _aCognition in children
_vEffect of sleep on.
650 _aLearning
_vPhysiological aspects.
942 _2lcc
_cPASS
999 _c98685
_d98685